| 000 | 00000nam##2200000za#4500 |
| 001 | 9.688709 |
| 003 | CaOODSP |
| 005 | 20210624231544 |
| 007 | cr ||||||||||| |
| 008 | 150407|2003||||xxc|||||o f|0| 0 eng|d |
| 040 | |aCaOODSP|beng |
| 043 | |an-cn--- |
| 086 | 1 |aE84-15/2003E-PDF |
| 110 | 1 |aCanada.|bInternational Centre for Human Rights and Democratic Development. |
| 245 | 10|aSeizing an opportunity : |h[electronic resource]|bAfghan women and the constitution-making process : Rights & Democracy Mission report May-June 2003 / |cprepared by Ariane Brunet and Isabelle Solon Helal. |
| 260 | |aMontreal - Quebec : |bInternational Centre for Human Rights and Democratic Development |c2003. |
| 300 | |a60p.|breferences, table |
| 590 | |a06-10-Supp|b2006-12-15 |
| 690 | 07|aConstitution|2gcpds |
| 690 | 07|aGender equality|2gcpds |
| 690 | 07|aHuman rights|2gcpds |
| 690 | 07|aWomen|2gcpds |
| 720 | 1 |aBrunet, Ariane |
| 720 | 1 |aSolon, Isabelle |
| 775 | 08|tSaisir l'occasion : |w(CaOODSP)9.633185 |
| 856 | 40|ahttp://publications.gc.ca|qPDF|s617 KB|uhttps://publications.gc.ca/collections/Collection/E84-15-2003E.pdf |